Every 100,000+ city in China: Hunan - Statistics

General Stats
  • This quiz has been taken 2 times
  • The average score is 37 of 77
Answer Stats
Letter Population City % Correct
C 10,215,077 Changsha
100%
H 1,830,434 Hengyang
100%
L 327,960 Liuyang
100%
L 630,505 Loudi
100%
N 505,823 Ningxiang
100%
S 884,540 Shaoyang
100%
X 1,335,790 Xiangtan
100%
Y 822,813 Yiyang
100%
Y 1,216,380 Yueyang
100%
Z 549,064 Zhangjiajie
100%
Z 2,154,467 Zhuzhou
100%
A 118,435 Anxiang
50%
C 168,656 Chaling
50%
C 1,285,898 Changde
50%
C 193,570 Changning
50%
C 1,109,752 Chenzhou
50%
C 179,050 Cili
50%
D 110,042 Dao
50%
D 125,806 Dongkou
50%
F 100,503 Fenghuang
50%
G 128,450 Guidong
50%
G 210,504 Guiyang
50%
H 181,330 Hanshou
50%
H 100,351 Hengdong
50%
H 123,707 Hengnan
50%
H 114,290 Hengshan
50%
H 682,955 Huaihua
50%
H 110,500 Huarong
50%
J 101,255 Jiahe
50%
J 148,802 Jinshi
50%
J 446,907 Jishou
50%
L 249,616 Leiyang
50%
L 472,210 Liling
50%
L 108,608 Lingling
50%
L 122,171 Linli
50%
L 311,405 Linxiang
50%
L 224,069 Lixian
50%
M 157,493 Miluo
50%
N 125,008 Ningyuan
50%
P 100,857 Pingjiang
50%
Q 175,150 Qidong
50%
Q 184,036 Qiyang
50%
R 119,965 Rucheng
50%
S 203,195 Shaodong
50%
S 105,169 Shaoshan
50%
S 166,029 Shimen
50%
T 206,092 Taojiang
50%
W 150,090 Wugang
50%
X 301,561 Xiangxiang
50%
X 120,555 Xiangyin
50%
X 381,190 Xinhua
50%
X 115,227 Xinning
50%
X 107,031 Xinshao
50%
X 101,915 Xintian
50%
X 112,510 Xupu
50%
Y 102,889 Yanling
50%
Y 146,123 Yizhang
50%
Y 102,409 Yongxing
50%
Y 716,151 Yongzhou
50%
Y 357,310 You
50%
Y 191,104 Yuanjiang
50%
Z 306,133 Zixing
50%
D 121,653 Dongan
0%
J-Y 103,780 Jianghua Yao
0%
L 111,154 Lengshuijiang
0%
L 122,667 Lianyuan
0%
L 134,993 Linwu
0%
L 262,015 Longhui
0%
L 152,240 Longshan
0%
M 102,606 Mayang
0%
Q 106,900 Quyang
0%
S 219,010 Shuangfeng
0%
T 136,707 Taoyuan
0%
X 173,201 Xidu
0%
Y 220,165 Yongshun
0%
Y 103,030 Yuanling
0%
Z 127,616 Zhijiang
0%
No matching quizzes found
Score Distribution
Percent of People with Each Score
Percentile by Number Answered
Your Score History
You have not taken this quiz